书目信息 |
| 题名: |
复调音乐写作技巧
|
|
| 作者: | 李楠 著 | |
| 分册: | 下 | |
| 出版信息: | 北京 文化艺术出版社 2019.08 |
|
| 页数: | 225-417页 | |
| 开本: | 24cm | |
| 丛书名: | ||
| 单 册: | ||
| 中图分类: | J614.2 | |
| 科图分类: | ||
| 主题词: | 复调--音乐创作--教材 | |
| 电子资源: | ||
| ISBN: | 978-7-5039-6588-3 | |
| 000 | 01105nam0 2200265 450 | |
| 001 | 0120192721720 | |
| 005 | 20201019164552.47 | |
| 010 | @a978-7-5039-6588-3@dCNY39.00,CNY78.00(全2册) | |
| 100 | @a20191216d2019 em y0chiy50 ea | |
| 101 | 0 | @achi |
| 102 | @aCN@b110000 | |
| 105 | @ag z 000yy | |
| 106 | @ar | |
| 200 | 1 | @a复调音乐写作技巧@9fu diao yin yue xie zuo ji qiao@b专著@dThe writing skills of polyphony@h下@f李楠著@zeng |
| 210 | @a北京@c文化艺术出版社@d2019.08 | |
| 215 | @a225-417页@d24cm | |
| 300 | @a中国戏曲学院“十三五”教材系列 | |
| 330 | @a本书为中国戏曲学院本科教学用书。内容包括复调旋律写作的技术要求;包括对比复调与模仿复调的二、三、四声部对位技术,包括帕萨卡利亚及恰空的写作技术;特别是针对中国民族五声调式与六声调式,对复调写作技术的影响,总结出的对位技术理论规律,对中国民族音乐多声部复调音乐的创作,具有理论指导作用。 | |
| 333 | @a音乐创作相关研究人员 | |
| 510 | 1 | @aWriting skills of polyphony@zeng |
| 606 | 0 | @a复调@x音乐创作@j教材 |
| 690 | @aJ614.2@v5 | |
| 701 | 0 | @a李楠@9li nan@4著 |
| 801 | 0 | @aCN@b人天书店@c20191216 |
| 905 | @b1294548-51@dJ614.2@e1173:2@f4 | |
| 复调音乐写作技巧=The writing skills of polyphony.下/李楠著.-北京:文化艺术出版社,2019.08 |
| 225-417页;24cm |
| 中国戏曲学院“十三五”教材系列.-使用对象:音乐创作相关研究人员 |
| ISBN 978-7-5039-6588-3:CNY39.00,CNY78.00(全2册) |
| 本书为中国戏曲学院本科教学用书。内容包括复调旋律写作的技术要求;包括对比复调与模仿复调的二、三、四声部对位技术,包括帕萨卡利亚及恰空的写作技术;特别是针对中国民族五声调式与六声调式,对复调写作技术的影响,总结出的对位技术理论规律,对中国民族音乐多声部复调音乐的创作,具有理论指导作用。 |
| ● |
| 相关链接 |
|
|
|
|
正题名:复调音乐写作技巧
索取号:J614.2/1173:2
 
预约/预借
| 序号 | 登录号 | 条形码 | 馆藏地/架位号 | 状态 | 备注 |
| 1 | 1294548 | 212945483 | 第一样本阅览室/ [索取号:J614.2/1173:2] | 在馆 | |
| 2 | 1294549 | 212945492 | 第一借阅区/ [索取号:J614.2/1173:2] | 在馆 | |
| 3 | 1294550 | 212945508 | 第一借阅区/ [索取号:J614.2/1173:2] | 在馆 | |
| 4 | 1294551 | 212945517 | 第一借阅区/ [索取号:J614.2/1173:2] | 在馆 |